Self Defense Against Fresh Fruit Quiz Stats

 Plays Quiz Updated Feb 7, 2012

Score 0/16 Timer 06:00
0 Plays Today
% Correct
Apples
96%
Bananas
92.2%
Oranges
87.6%
Grapes
82.4%
Raspberries/Redcurrants
51.6%
Lemons
50.5%
Cherries (red and black)
47.8%
Mangoes in syrup
46.7%
% Correct
Plums
46.7%
Grapefruit (whole and segments)
40.4%
Passion fruit
19.5%
Pomegranates
18.7%
Prunes
12.9%
Bunch of Loganberries
11.7%
Greengages
6%
Damsons
4.3%

You're not logged in!

Compare scores with friends on all Sporcle quizzes.
OR
Log In

Sporcle TV

Today on Sporcle TV


Watch our educational content, quiz creation guides, and fun videos on Sporcle TV.

Show Comments

Extras

Top Quizzes Today


Score Distribution

Your Account Isn't Verified!

In order to create a playlist on Sporcle, you need to verify the email address you used during registration. Go to your Sporcle Settings to finish the process.

Report this User

Report this user for behavior that violates our Community Guidelines.

Details: